[Event "SVK-ch U16"]
[Site "Stara Lubovna"]
[Date "2014.04.08"]
[Round "5"]
[White "Jadron, Jozef"]
[Black "Mrva, Marek1111"]
[Result "0-1"]
[WhiteElo "1327"]
[BlackElo "2188"]
[PlyCount "52"]
[EventDate "2014.04.05"]
[EventType "swiss"]
[EventRounds "9"]
[EventCountry "SVK"]
[SourceTitle "EXT 2016"]
[Source "ChessBase"]
[SourceDate "2015.10.08"]
[SourceVersion "1"]
[SourceVersionDate "2015.10.08"]
[SourceQuality "1"]

1. e4 e5 2. Nf3 d6 3. Bc4 h6 4. Nc3 Nf6 5. h3 Nbd7 6. 0-0 a6 7. d4 exd4 8. Nxd4 Ne5 9. Bb3 c5 10. Nf3 Nxf3+ 11. Qxf3 Be7 12. Rd1 Qc7 13. Qg3 Rg8 14. Qf3 c4 15. Ba4+ b5 16. e5 Bb7 17. exd6 Bxf3 18. Bxb5+ axb5 19. dxc7 Bxd1 20. Bxh6 Bxc2 21. Bf4 Bd3 22. Nxb5 Kd7 23. Rc1 Rgc8 24. b3 Nd5 25. Bg3 cxb3 26. Rc5 Bxc5 0-1

[Event "SVK-ch U16"]
[Site "Stara Lubovna"]
[Date "2014.04.07"]
[Round "3"]
[White "Jadron, Jozef"]
[Black "Ocko, Martin"]
[Result "0-1"]
[WhiteElo "1327"]
[BlackElo "1737"]
[PlyCount "52"]
[EventDate "2014.04.05"]
[EventType "swiss"]
[EventRounds "9"]
[EventCountry "SVK"]
[SourceTitle "EXT 2016"]
[Source "ChessBase"]
[SourceDate "2015.10.08"]
[SourceVersion "1"]
[SourceVersionDate "2015.10.08"]
[SourceQuality "1"]

1. e4 c5 2. Nf3 a6 3. d4 cxd4 4. Nxd4 Nf6 5. Bd3 Nc6 6. Nf3 d6 7. h3 g6 8. 0-0 Bg7 9. Nc3 0-0 10. Re1 b5 11. Bf4 Bb7 12. e5 dxe5 13. Bxe5 Nxe5 14. Nxe5 Qc7 15. Nf3 Rfd8 16. Qe2 e6 17. Rad1 Nd5 18. Nxd5 Bxd5 19. b3 Rac8 20. a4 Qc6 21. axb5 axb5 22. Rc1 b4 23. Ne5 Bxe5 24. Qxe5 Bxg2 25. Qf4 Bxh3 26. Qxb4 Qg2# 0-1

[Event "SVK-ch U14"]
[Site "Lubovnianske Kupele"]
[Date "2012.03.17"]
[Round "1"]
[White "Jadron, Jozef"]
[Black "Simo, Marian"]
[Result "0-1"]
[WhiteElo "1000"]
[BlackElo "1687"]
[PlyCount "82"]
[EventDate "2012.03.17"]
[EventType "swiss"]
[EventRounds "9"]
[EventCountry "SVK"]
[SourceTitle "CBM 147 Extra"]
[Source "ChessBase"]
[SourceDate "2012.04.24"]
[SourceVersion "1"]
[SourceVersionDate "2012.04.24"]
[SourceQuality "1"]

1. e4 c6 2. d4 d5 3. exd5 cxd5 4. Nf3 Bg4 5. Be2 Nc6 6. 0-0 e6 7. Bf4 Qb6 8. Nbd2 a6 9. Nb3 Nf6 10. h3 Bh5 11. Qd3 Rc8 12. c3 Bg6 13. Qd1 Be7 14. Bd3 Bxd3 15. Qxd3 0-0 16. Rfe1 h6 17. Be5 Na5 18. Nxa5 Qxa5 19. Bxf6 Bxf6 20. Re2 Rc7 21. a3 Rfc8 22. Rc2 b5 23. Ne1 Qb6 24. Rac1 Rc4 25. Kf1 a5 26. Kg1 Bg5 27. Rd1 b4 28. Nf3 Be7 29. Ra1 bxc3 30. bxc3 Ra4 31. Nd2 Rxa3 32. Rxa3 Bxa3 33. Ra2 Bb2 34. Nb1 Bc1 35. Qc2 Bg5 36. Qa4 Qxb1+ 37. Kh2 Qb7 38. Qxa5 Qc7+ 39. Qxc7 Rxc7 40. Ra8+ Kh7 41. Rf8 Bd2 0-1